000 00482nam a2200205Ia 4500
001 14535
003 GE_BSU
008 181216s||||||||xx |||||||||||||| ||und||
020 _a9781842550670
040 _cGE_BSU
080 _a82-93
100 _aSimon,Francesca and Ross,Tony
245 _aHorrin Henry's Underpants
260 _aLondon
260 _bOrion Children's books
260 _c2003
300 _a88p.ill.20cm.
653 _aHorrin Henry's Underpants
942 _cBK
999 _c47666
_d47666